Lehrwerk fur Deutsch als Fremdsprache: Kursbuch; Teil 1

التفاصيل البيبلوغرافية
اللغة:الألمانية
منشور في: Donauworth, Hueber Verlag, 1997
سلاسل:Themen Neu
الموضوعات:
التنسيق: كتاب
KOHA link:https://koha.lib.tpu.ru/cgi-bin/koha/opac-detail.pl?biblionumber=67579

MARC

LEADER 00000nam0a2200000 4500
001 67579
005 20231031073649.0
010 |a 319001521X 
035 |a (RuTPU)RU\TPU\book\71958 
035 |a RU\TPU\book\5352 
090 |a 67579 
100 |a 20040917d1997 m y0rusy50 ca 
101 0 |a ger 
102 |a DE 
105 |a y j 000zy 
200 1 |a Lehrwerk fur Deutsch als Fremdsprache  |e Kursbuch  |h Teil 1 
210 |a Donauworth  |c Hueber Verlag  |d 1997 
215 |a 160 p. 
225 1 |a Themen Neu 
610 1 |a немецкий язык 
610 1 |a учебные пособия 
686 |a Ш143.24-923  |v LBC/SL-A  |2 rubbk 
801 0 |a RU  |b 63413507  |c 20011209  |g PSBO 
801 2 |a RU  |b 63413507  |c 20190304  |g PSBO 
942 |c BK